Happiest and Saddest countries of Europe - Statistics

General Stats
  • This quiz has been taken 155 times
  • The average score is 16 of 20
Answer Stats
Hint Happy Index Answer % Correct
Most Happy 7.80 Finland
96%
Most Happy 7.59 Denmark
95%
Most Happy 7.40 Sweden
95%
Most Happy 7.32 Norway
94%
Most Happy 7.53 Iceland
90%
Least Happy 5.07 Ukraine
89%
Least Happy 5.66 Russia
85%
Most Happy 7.40 Netherlands
84%
Most Happy 6.91 Ireland
83%
Least Happy 5.93 Greece
81%
Most Happy 7.10 Austria
80%
Most Happy 7.24 Switzerland
80%
Least Happy 5.28 Albania
75%
Least Happy 5.82 Moldova
73%
Least Happy 5.47 Bulgaria
72%
Most Happy 7.23 Luxembourg
71%
Least Happy 5.97 Portugal
71%
Least Happy 5.63 Bosnia and Herzegovina
70%
Least Happy 5.25 North Macedonia
70%
Least Happy 5.72 Montenegro
68%
No matching quizzes found
Score Distribution
Percent of People with Each Score
Percentile by Number Answered
Your Score History
You have not taken this quiz